[Event "Oslo Stjernen op B"]
[Site "Oslo"]
[Date "2017.06.18"]
[Round "6"]
[White "Ringstad, Bengt Even"]
[Black "Vo, Kha Chang"]
[Result "0-1"]
[WhiteElo "584"]
[BlackElo "588"]
[PlyCount "72"]
[EventDate "2017.06.16"]
[EventType "swiss"]
[EventRounds "6"]
[EventCountry "NOR"]
[SourceTitle "EXT 2024"]
[Source "ChessBase"]
[SourceDate "2023.10.10"]
[SourceVersion "1"]
[SourceVersionDate "2023.10.10"]
[SourceQuality "1"]

1. d4 d5 2. Nf3 Nc6 3. e3 Nf6 4. Nc3 Bg4 5. Bb5 Bd7 6. Qe2 e6 7. e4 Bb4 8. exd5 Nxd5 9. Bd2 0-0 10. Ne5 Nxe5 11. dxe5 f6 12. Bxd7 Qxd7 13. Nxd5 Bxd2+ 14. Qxd2 Qxd5 15. Qxd5 exd5 16. exf6 Rae8+ 17. Kd2 Rxf6 18. Rhe1 Rxe1 19. Rxe1 Rxf2+ 20. Kc1 Rxg2 21. Re8+ Kf7 22. Rd8 Rxh2 23. Rxd5 Ke6 24. Rd1 g5 25. Re1+ Kf5 26. Rf1+ Ke4 27. b4 b5 28. Kb2 g4 29. Rf8 g3 30. Rg8 g2 31. Rg4+ Kf3 32. Rg8 Kf2 33. Rf8+ Kg1 34. Rd8 Kh1 35. Rd1+ g1Q 36. Rxg1+ Kxg1 0-1